000 00423nam a2200121Ia 4500
008 220901s9999||||xx |||||||||||||| ||und||
082 _a621 INT
100 _aInternational Organization od scientific research
245 0 _aIOSR journal of mechanical & civil engineering
250 _aVol. 13 & Issue No. 1 & 2
260 _bInternational Organization od scientific research
_c2016
650 _aMechanical Engineering
_913026
999 _c193902
_d193902